000 01376nam a22002537a 4500
999 _c24459
_d24459
003 OSt
005 20210211105036.0
008 170206b xxu||||| |||| 00| 0 eng d
020 _a9780815341291 (hardcover)
020 _a9780815341307 (pbk.)
040 _aMMU
_cMMU
_dMMU
_beng.
050 0 0 _aQH581.2
_b.E78 2009
082 0 0 _a571.6
_222
245 0 0 _aEssential cell biology /
_cBruce Alberts ... [et al.].
250 _a4th ed.
260 _aNew York :
_bGarland Science,
_c2009.
300 _a1 v. (various pagings) :
_bill. (chiefly col.) ;
_c29 cm. +e 1DVD-ROM (4 3/4 in.)
505 0 _aChemical components of cells -- Energy, catalysis, and biosynthesis -- Protein structure and function -- DNA and chromosomes -- DNA replication, repair, and recombination -- From DNA to protein: how cells read the genome -- Control of gene expression -- How genes and genomes evolve -- Analizing genes and cells -- Membrane structure -- Membrane transport -- How cells obtain energy from food -- Energy generation in mitochondria and chloroplasts -- Intracellular compartments and transport -- Cell communication -- Cytoskeleton -- The cell division cycle -- Sex and genetics -- Cellular communities : tissues, stem cells, and cancer.
650 0 _aCytology.
650 0 _aMolecular biology.
650 0 _aBiochemistry.
700 1 _aAlberts, Bruce.
942 _2lcc
_cLOAN LOAN